[Event "North American-ch U18"]
[Site "Montreal"]
[Date "2010.08.18"]
[Round "5"]
[White "Klusa, Mark"]
[Black "Posaratnanathan, Roy"]
[Result "0-1"]
[WhiteElo "922"]
[BlackElo "1179"]
[PlyCount "104"]
[EventDate "2010.08.16"]
[EventType "swiss"]
[EventRounds "7"]
[EventCountry "CAN"]
[SourceTitle "EXT 2013"]
[Source "ChessBase"]
[SourceDate "2012.11.22"]
[SourceVersion "1"]
[SourceVersionDate "2012.11.22"]
[SourceQuality "1"]

1. d4 Nf6 2. c4 e6 3. Nc3 Bb4 4. a3 Bxc3+ 5. bxc3 0-0 6. Nf3 c5 7. Bg5 h6 8. Bh4 d5 9. e3 Qa5 10. Qb3 g5 11. Bxg5 hxg5 12. Nxg5 Ne4 13. Nxe4 dxe4 14. f4 Nc6 15. d5 exd5 16. cxd5 Ne7 17. Rd1 Bg4 18. Be2 Bxe2 19. Kxe2 Qa6+ 20. c4 Rad8 21. Kf2 Rd6 22. Rb1 Rb6 23. Qa2 Nf5 24. Qc2 Re8 25. g4 Nd6 26. Rxb6 Qxb6 27. Qc3 Qa6 28. Rc1 Qa4 29. h4 Qd7 30. h5 Kh7 31. Rg1 Qe7 32. Rg3 Rg8 33. Qe5 Qxe5 34. fxe5 Nxc4 35. e6 fxe6 36. dxe6 Re8 37. g5 Rxe6 38. g6+ Kh8 39. Rg5 Re5 40. Rg4 Rxh5 41. Rxe4 Nd6 42. Re6 Rd5 43. Ke2 c4 44. e4 Rd3 45. Re7 Rxa3 46. e5 Nf5 47. Rf7 Re3+ 48. Kd2 Rxe5 49. Rxb7 Rd5+ 50. Kc2 Ne3+ 51. Kc1 a5 52. Rb2 Rd1# 0-1

[Event "CAN-ch U18"]
[Site "Windsor"]
[Date "2010.07.09"]
[Round "7"]
[White "Chung, Kevin"]
[Black "Posaratnanathan, Roy"]
[Result "1-0"]
[WhiteElo "2280"]
[BlackElo "1731"]
[PlyCount "41"]
[EventDate "2010.07.06"]
[EventType "swiss"]
[EventRounds "7"]
[EventCountry "CAN"]
[SourceTitle "EXT 2012"]
[Source "ChessBase"]
[SourceDate "2011.11.24"]
[SourceVersion "1"]
[SourceVersionDate "2011.11.24"]
[SourceQuality "1"]

1. e4 c5 2. Nf3 Nc6 3. d4 cxd4 4. Nxd4 Nf6 5. Nc3 d6 6. Be2 Bd7 7. 0-0 a6 8. Be3 e6 9. a4 Be7 10. f4 0-0 11. Nb3 b6 12. Qe1 Bc8 13. Bf3 Bb7 14. Qf2 Nd7 15. Nd2 Qc7 16. Nc4 Nc5 17. e5 d5 18. Bxd5 exd5 19. Nxd5 Qd8 20. Ncxb6 Nb4 21. Nxe7+ 1-0